Pays du monde - Nom le plus court - Statistiques

Statistiques générales
  • Ce quiz a été pris 69 fois
  • Le résultat moyen est 76 sur 196
Réponses sur la Carte
Les réponses sont colorées sur une échelle allant du rouge au vert en fonction du pourcentage des utilisateurs qui les ont devinées à leur premier essai. Vous pouvez retrouver ces pourcentages ci-dessous.
 
Statistiques - réponses
Pays % Correct
France
88%
Espagne
73%
Canada
72%
Etats-Unis
72%
Portugal
70%
Mexique
68%
Italie
67%
Argentine
65%
Brésil
65%
Russie
65%
Colombie
63%
Chili
60%
Chine
60%
Pérou
60%
Algérie
58%
Australie
58%
Cuba
58%
Inde
58%
Maroc
58%
République du Congo
58%
Belgique
57%
Norvège
57%
Tunisie
57%
Venezuela
57%
Bolivie
55%
Togo
55%
Afrique du Sud
53%
Albanie
53%
Costa Rica
53%
Égypte
53%
Guyana
53%
Honduras
53%
Iran
53%
Japon
53%
Panama
53%
Suède
53%
Grèce
52%
Islande
52%
Madagascar
52%
Pays-Bas
52%
Sénégal
52%
Turquie
52%
Ukraine
52%
Danemark
50%
Finlande
50%
Kenya
50%
Mali
50%
Suriname
50%
Équateur
48%
Hongrie
48%
Lesotho
48%
Libye
48%
Monaco
48%
Roumanie
48%
Salvador
48%
Soudan
48%
Vatican
48%
Viêt Nam
48%
Corée du Nord
47%
Corée du Sud
47%
Fidji
47%
Ghana
47%
Haïti
47%
Indonésie
47%
Mongolie
47%
Niger
47%
Oman
47%
Pologne
47%
Qatar
47%
Serbie
47%
Somalie
47%
Tchad
47%
Bahamas
45%
Bénin
45%
Chypre
45%
Croatie
45%
Estonie
45%
Éthiopie
45%
Irak
45%
Laos
45%
Lituanie
45%
Nigeria
45%
Rwanda
45%
Thaïlande
45%
Yémen
45%
Belize
43%
Cameroun
43%
Eswatini
43%
Kosovo
43%
Malte
43%
Nicaragua
43%
Angola
42%
Autriche
42%
Birmanie
42%
Bosnie-Herzégovine
42%
Bulgarie
42%
Cap-Vert
42%
Gabon
42%
Gambie
42%
Jordanie
42%
Liban
42%
Liberia
42%
Namibie
42%
Ouganda
42%
Slovénie
42%
Syrie
42%
Taïwan
42%
Tanzanie
42%
Zambie
42%
Burkina Faso
40%
Burundi
40%
Djibouti
40%
République démocratique du Congo
40%
Arménie
38%
Cambodge
38%
Mozambique
38%
Népal
38%
Pakistan
38%
Zimbabwe
38%
Brunei
37%
Dominique
37%
Géorgie
37%
Samoa
37%
Antigua-et-Barbuda
35%
Bahreïn
35%
Bangladesh
35%
Comores
35%
Koweït
35%
Malawi
35%
Maldives
35%
Nauru
35%
Tonga
35%
Barbade
33%
Botswana
33%
Grenade
33%
Île Maurice
33%
Monténégro
33%
Tuvalu
33%
Vanuatu
33%
Andorre
32%
Kiribati
32%
Salomon
32%
Singapour
32%
Émirats arabes unis
30%
Îles Marshall
30%
Irlande
30%
Nouvelle-Zélande
30%
Ouzbékistan
30%
Bhoutan
28%
Paraguay
27%
République tchèque
27%
Uruguay
27%
Érythrée
25%
Lettonie
25%
Philippines
25%
Afghanistan
23%
Saint-Marin
23%
Soudan du Sud
23%
Biélorussie
22%
Papouasie-Nouvelle- Guinée
22%
Suisse
22%
Palaos
20%
Sainte-Lucie
20%
Allemagne
18%
République dominicaine
18%
Sierra Leone
18%
Guatemala
17%
Jamaïque
15%
Saint-Christophe- et-Niévès
15%
Sri Lanka
15%
Timor oriental
15%
Guinée
13%
Kirghizistan
13%
Micronésie
13%
Royaume-Uni
13%
Trinité-et-Tobago
13%
Israël
12%
Kazakhstan
12%
République Centrafricaine
12%
Guinée-Bissau
10%
Guinée équatoriale
10%
Luxembourg
10%
Malaisie
10%
Saint-Vincent-et-les- Grenadines
10%
Sao Tomé-et-Principe
10%
Seychelles
10%
Azerbaïdjan
8%
Mauritanie
8%
Moldavie
7%
Slovaquie
7%
Côte d'Ivoire
5%
Macédoine du Nord
5%
Arabie Saoudite
3%
Tadjikistan
3%
Turkménistan
3%
Liechtenstein
2%
Aucun quiz correspondant
Distribution des résultats
% des personnes avec chaque résultat
Percentile par nombre de réponses
Votre historique - résultats
Vous n’avez pas pris ce quiz